| 000 | 00983nas a2200229 a 4500 | ||
|---|---|---|---|
| 001 | 17624070 | ||
| 008 | 150316c99999999||||||||||||||||| || u | ||
| 010 | _a2013207226 | ||
| 022 | _a2329-1303 | ||
| 050 | _a658'.0071'1 MON | ||
| 100 | _aMontauk, Richard | ||
| 245 | 1 | 0 |
_aHow to get into the top MBA programs. -- 6th ed. _cby Richard Montauk |
| 246 | _aHow to get into the top master of business administration programs | ||
| 260 |
_aNew York: _bPrentice Hall Press _c |
||
| 300 | _axxiv, 632p.: ill. | ||
| 362 | 1 | _a<p>6th ed.</p> | |
| 650 | 0 | _aMASTER OF BUSINESS ADMINISTRATION DEGREE--UNITED STATES--HANDBOOKS, MANUALS, ETC | |
| 650 | 0 | _aBUSINESS SCHOOLS--HANDBOOKS, MANUALS, ETC | |
| 650 | _aMASTER OF BUSINESS ADMINISTRATION DEGREE | ||
| 650 | 0 | _aMASTER OF BUSINESS ADMINISTRATION DEGREE--EUROPE--HANDBOOKS, MANUALS, ETC | |
| 995 |
_aAMERICAN CORNER _e0106589 _FCBU-DAG HAMMARSKJOLD INSTITUTE LIBRARY _j658'.0071'1 MON _M1 _UAVAILABLE _WMar 16, 2015 _y0106589 _ZAmerican Collection |
||
| 999 |
_c291 _d291 |
||